Atraktívna forma bezhotovostného platobného styku hovoríme s Antonom Koraušom, riaditeľom stratégie a marketingu Zahraničnej pobočky ČSOB na Slovensku

Gespeichert in:
Bibliographische Detailangaben
1. Verfasser: Korauš, Antonín
Format: Buchkapitel
Sprache:Slowakisch
Tags: Tag hinzufügen
Keine Tags, Fügen Sie das erste Tag hinzu!

MARC

LEADER 00000naa a2200000 4500
001 0117973
005 20240502072323.8
041 0 |a slo 
044 |a SK 
245 1 0 |a Atraktívna forma bezhotovostného platobného styku  |b hovoríme s Antonom Koraušom, riaditeľom stratégie a marketingu Zahraničnej pobočky ČSOB na Slovensku  |c Anton Korauš 
100 1 |a Korauš, Antonín